[Event "Mechanics' Winter TNM; 30/90, SD/30"]
[Site "San Francisco"]
[Date "2014.01.28"]
[Round "4.19"]
[White "Newey, Richard"]
[Black "Morgan, Jerry"]
[Result "1-0"]
[WhiteElo "1807"]
[BlackElo "1568"]
[Annotator "Donaldson"]
[PlyCount "43"]
[EventDate "2014.??.??"]

1. e4 Nf6 2. Nc3 e5 3. Nf3 Nc6 4. Bb5 Nd4 5. d3 Nxb5 6. Nxb5 c6 7. Nc3 Qc7 8.
O-O h6 9. d4 exd4 $2 (9... d6) 10. e5 (10. Qxd4) 10... Ng4 (10... dxc3 11. exf6
d5) 11. Qxd4 d6 12. exd6 Bxd6 13. Re1+ (13. Qxg7) 13... Kf8 14. Ne4 Be5 (14...
Bxh2+ 15. Kf1 (15. Nxh2 Qxh2+ 16. Kf1 Be6 $11)) 15. Nxe5 Nxe5 16. Bf4 f6 17.
Rad1 Be6 18. Nc5 Bd5 19. Bxe5 fxe5 20. Rxe5 Re8 21. Qf4+ Bf7 22. Rxe8+ 1-0

[Event "Mechanics' Whitehead TNM; 30/90, SD/30"]
[Site "San Francisco"]
[Date "2014.09.23"]
[Round "8.18"]
[White "Newey, Richard"]
[Black "Nagle, Michael"]
[Result "1-0"]
[WhiteElo "1747"]
[BlackElo "1449"]
[Annotator "Donaldson"]
[PlyCount "39"]
[EventDate "2014.??.??"]

1. e4 c5 2. Nf3 g6 3. Bc4 Bg7 (3... e6 4. c3 Bg7 5. d4 cxd4 6. cxd4 d5) 4. O-O
Nc6 (4... d6 5. c3 Nf6) 5. c3 Nf6 6. e5 Ng4 7. d4 O-O 8. h3 Nh6 9. Re1 (9. dxc5
{wins a pawn.}) 9... d5 10. exd6 exd6 11. dxc5 dxc5 12. Qxd8 Rxd8 13. Bg5 $1
Rf8 14. g4 Bd7 15. Nbd2 Rfe8 16. Ne4 b6 17. Bxh6 Bxh6 18. Nf6+ Kf8 19. Nxd7+
Kg7 20. g5 1-0

[Event "Mechanics' Winter TNM; 30/90, SD/30"]
[Site "San Francisco"]
[Date "2014.01.07"]
[Round "1.23"]
[White "Newey, Richard"]
[Black "Otterbach, Renate"]
[Result "1-0"]
[WhiteElo "1807"]
[BlackElo "1132"]
[PlyCount "65"]
[EventDate "2014.??.??"]

1. e4 e6 2. d4 d5 3. Nd2 Nf6 4. e5 Nfd7 5. Bd3 c5 6. c3 cxd4 7. cxd4 Nc6 8. Ne2
Bb4 9. O-O O-O 10. Nf3 h6 11. Bc2 Ne7 12. Nh4 Re8 13. Qd3 Nf8 14. Qg3 Nf5 15.
Nxf5 exf5 16. Bxh6 Ng6 17. Bf4 Be7 18. Qe3 Be6 19. Ba4 Rf8 20. Rac1 Nh8 21. h3
g5 22. Bh2 Ng6 23. f4 Kg7 24. fxg5 Rg8 25. Rc3 Kh7 26. Bc2 Bxg5 27. Qf3 Kh8 28.
Bxf5 Bxf5 29. Qh5+ Kg7 30. Rxf5 Be7 31. Rcf3 Rh8 32. Rxf7+ Kg8 33. Qxg6# 1-0

[Event "Mechanics' Whitehead TNM; 30/90, SD/30"]
[Site "San Francisco"]
[Date "2014.08.12"]
[Round "2.21"]
[White "Newey, Richard"]
[Black "Plants, Tyler"]
[Result "1-0"]
[WhiteElo "1747"]
[BlackElo "908"]
[PlyCount "63"]
[EventDate "2014.??.??"]

1. e4 c5 2. Nf3 Nc6 3. Nc3 e5 4. Bb5 a6 5. Bxc6 bxc6 6. Nxe5 Qe7 7. Nf3 Nf6 8.
d3 h6 9. O-O Qe6 10. Be3 Ng4 11. Bf4 Bd6 12. Bxd6 Qxd6 13. e5 Nxe5 14. Nxe5
Qxe5 15. Re1 d6 16. Rxe5+ dxe5 17. Qf3 Bd7 18. Ne4 O-O 19. Nxc5 Bc8 20. h3 a5
21. Re1 f6 22. b3 Rd8 23. Qxc6 Bf5 24. Qb5 Rdb8 25. Qc4+ Kh7 26. f4 exf4 27.
Qxf4 Bg6 28. Re7 Rc8 29. Qxf6 Rg8 30. Ne6 Raf8 31. Rxg7+ Rxg7 32. Qxg7# 1-0

[Event "Mechanics' Spring TNM; 30/90, SD/30"]
[Site "San Francisco"]
[Date "2014.03.18"]
[Round "1.20"]
[White "Newey, Richard"]
[Black "Poler, Sebastian"]
[Result "0-1"]
[WhiteElo "1807"]
[BlackElo "1203"]
[PlyCount "86"]
[EventDate "2014.??.??"]

1. e4 c6 2. d4 d5 3. e5 Bf5 4. Be2 e6 5. Nf3 Nd7 6. O-O Ne7 7. b3 Ng6 8. c4 Be7
9. Ba3 O-O 10. Bxe7 Qxe7 11. c5 Nf4 12. Re1 Nxe2+ 13. Qxe2 h6 14. Nbd2 b6 15.
b4 Rfb8 16. Qa6 Nf8 17. h3 Qb7 18. Qxb7 Rxb7 19. Re3 bxc5 20. bxc5 Ng6 21. a4
a5 22. Rb3 Rab8 23. Rxb7 Rxb7 24. Ra3 Rb4 25. Nb3 Bc2 26. Nxa5 Bxa4 27. g3 Ne7
28. Nb7 Bd1 29. Ra8+ Kh7 30. Ng5+ $4 hxg5 31. Nd6 Bf3 32. g4 Rxd4 33. Nxf7 Bxg4
34. Nxg5+ Kg6 35. h4 Rd1+ 36. Kh2 Re1 37. Re8 Nf5 38. Rxe6+ Kh5 39. f4 Re2+ 40.
Kg1 Nd4 41. Re8 Kxh4 42. Kf1 Kg3 43. e6 Nc2 0-1

[Event "Mechanics' Fall TNM; 30/90, SD/30"]
[Site "San Francisco"]
[Date "2014.11.25"]
[Round "5.26"]
[White "Newey, Richard"]
[Black "Poler, Sebastian"]
[Result "1-0"]
[WhiteElo "1747"]
[BlackElo "1391"]
[Annotator "Donaldson"]
[PlyCount "41"]
[EventDate "2014.??.??"]

1. e4 c6 2. c4 d5 3. exd5 cxd5 4. cxd5 Nf6 5. Nf3 Nxd5 6. Nc3 Nc6 7. d4 (7. Bb5
) 7... Bg4 8. Bc4 $5 (8. Qb3 Bxf3 9. gxf3 e6 10. Qxb7 Nxd4 11. Bb5+ Nxb5 12.
Qc6+ Ke7 13. Qxb5) 8... Bxf3 $2 (8... e6 $1) (8... Nf6 $2 9. d5 $1 Ne5 10. Nxe5
Bxd1 11. Bb5+) 9. Qxf3 Nxd4 $2 (9... e6) 10. Qxd5 Qxd5 11. Nxd5 Rc8 12. Ne3
Rxc4 13. Nxc4 Nc2+ 14. Kd1 Nxa1 15. Be3 b6 16. Kc1 h5 17. Kb1 Nb3 18. axb3 h4
19. Rc1 h3 20. Ne5 f6 21. Rc8# 1-0

[Event "Mechanics' SummerTNM; 30/90, SD/30"]
[Site "San Francisco"]
[Date "2014.07.08"]
[Round "7.6"]
[White "Newey, Richard"]
[Black "Thornally, Frank"]
[Result "0-1"]
[WhiteElo "1796"]
[BlackElo "2200"]
[Annotator "Donaldson"]
[PlyCount "18"]
[EventDate "2014.??.??"]

1. e4 d6 2. d4 Nf6 3. Nc3 g6 4. Be2 a6 5. f4 (5. a4) (5. Nf3 Bg7 6. O-O b5 7.
e5) 5... Bg7 6. Nf3 c5 7. dxc5 Qa5 8. cxd6 (8. Nd2 Qxc5 9. Nb3 Qc7 10. O-O O-O
11. Be3) 8... Nxe4 9. Qd5 $4 (9. O-O) 9... Bxc3+ 0-1

[Event "Mechanics' SummerTNM; 30/90, SD/30"]
[Site "San Francisco"]
[Date "2014.06.03"]
[Round "2.8"]
[White "Newey, Richard"]
[Black "Uzzaman, Ashik"]
[Result "0-1"]
[WhiteElo "1796"]
[BlackElo "2086"]
[Annotator "Donaldson"]
[PlyCount "44"]
[EventDate "2014.??.??"]

1. e4 c5 2. Nf3 g6 3. c3 Bg7 4. Bc4 Nf6 5. d3 O-O 6. h3 $6 (6. Nbd2 d5 7. Bb3)
6... d5 7. exd5 Nxd5 8. Bg5 Bf5 9. Nh4 $6 (9. O-O Nc6 10. Re1) 9... Be6 10. Qb3
$6 Nc6 11. Qxb7 Na5 12. Qb5 Nxc4 13. dxc4 Nb6 (13... Nb4 $1) 14. Qxc5 Bxc4 15.
Nd2 Rc8 16. Qa3 h6 (16... Qd3 $1 17. Nxc4 Nxc4) 17. Be3 e5 (17... Qd3 18. O-O-O
Bxa2 19. Qxa2 Bxc3) 18. Nhf3 Qd3 19. O-O-O Be6 20. Nb3 {Diagram #} Rxc3+ 21.
bxc3 Qxc3+ 22. Kb1 Bf5+ 0-1

[Event "Mechanics' Fall TNM; 30/90, SD/30"]
[Site "San Francisco"]
[Date "2014.12.09"]
[Round "7.3"]
[White "Newey, Richard"]
[Black "Uzzaman, Ashik"]
[Result "0-1"]
[WhiteElo "1747"]
[BlackElo "2015"]
[PlyCount "40"]
[EventDate "2014.??.??"]

1. e4 c5 2. Nf3 g6 3. Bc4 Bg7 4. O-O e6 5. Nc3 Ne7 6. d4 cxd4 7. Nb5 d5 8. exd5
a6 9. d6 axb5 10. Bxb5+ Nec6 11. Bf4 O-O 12. Re1 Qb6 13. a4 f6 14. d7 Bxd7 15.
Bxb8 Rfxb8 16. c3 e5 17. cxd4 exd4 18. Bxc6 Bxc6 19. Qxd4 Qxd4 20. Nxd4 Bxa4
0-1

[Event "Mechanics' Fall TNM; 30/90, SD/30"]
[Site "San Francisco"]
[Date "2014.11.04"]
[Round "3.7"]
[White "Niemann, Hans"]
[Black "Abraham, Renjish"]
[Result "1-0"]
[WhiteElo "2135"]
[BlackElo "1840"]
[Annotator "Donaldson"]
[PlyCount "92"]
[EventDate "2014.??.??"]

1. d4 d5 2. c4 e6 3. Nf3 Nf6 4. Nc3 Be7 5. e3 O-O 6. Qc2 Nbd7 7. Bd3 dxc4 8.
Bxc4 c5 9. dxc5 Nxc5 10. O-O a6 11. a4 Qc7 12. b3 g6 13. Bb2 Ne8 14. Rfd1 Nd6
15. Be2 Qb6 16. Nd4 Rd8 17. Ba3 Nd7 18. a5 Qc7 19. Qb2 Ne5 20. Rdc1 Nc6 21.
Nxc6 bxc6 22. Bc5 Nc4 23. Bxc4 Bxc5 24. Ne4 Be7 25. Nf6+ Bxf6 26. Qxf6 Rd6 27.
Be2 Bb7 28. Bf3 Rc8 29. h4 Qd8 30. Qf4 Qe7 31. Qc4 c5 32. Bxb7 Qxb7 33. h5 Qd5
34. hxg6 hxg6 35. Ra4 Rb8 36. Qxd5 Rxd5 37. e4 Rd6 38. Rxc5 Rxb3 39. Ra2 Rd7
40. Rc6 Ra7 41. Rb6 Rd3 42. e5 Rd5 43. f4 Kg7 44. Kf2 Ra8 45. Rb7 Rb5 46. Rd7
Rb1 {Both sides were low on time at this point and quit keeping score at this
point. White won thirty moves later when Black blundered. The position at move
46 should be drawn.} 1-0

[Event "Mechanics' Winter TNM; 30/90, SD/30"]
[Site "San Francisco"]
[Date "2014.01.07"]
[Round "1.9"]
[White "Niemann, Hans"]
[Black "Allen, Tom"]
[Result "1-0"]
[WhiteElo "1979"]
[BlackElo "1495"]
[PlyCount "39"]
[EventDate "2014.??.??"]

1. e4 e5 2. Nf3 Nc6 3. Bc4 Nf6 4. Ng5 Bc5 5. Bxf7+ Ke7 6. Bd5 d6 7. O-O Bg4 8.
Nf3 Nd4 9. d3 Qe8 10. Nbd2 Qh5 11. Bxb7 Rab8 12. Ba6 Rhf8 13. h3 Bxh3 14. Nxd4
Bg4 15. Nc6+ Kd7 16. Nxb8+ Rxb8 17. Nf3 Qg6 18. Be3 Bb6 19. a4 Bh3 20. Nh4 1-0

[Event "Mechanics' Fall TNM; 30/90, SD/30"]
[Site "San Francisco"]
[Date "2014.11.25"]
[Round "5.1"]
[White "Niemann, Hans"]
[Black "Askin, Michael"]
[Result "1-0"]
[WhiteElo "2135"]
[BlackElo "1964"]
[Annotator "Donaldson"]
[PlyCount "79"]
[EventDate "2014.??.??"]

1. d4 d5 2. c4 c6 3. Nf3 Nf6 4. Qc2 e6 5. g3 Be7 6. Bg2 O-O 7. O-O Nbd7 8. b3
b6 9. Rd1 Bb7 10. Bb2 Rc8 11. Nc3 Qc7 12. e4 Rfd8 (12... dxe4 13. Nxe4 (13. Ng5
)) 13. e5 Ne8 14. cxd5 cxd5 15. Qe2 Nb8 16. Rac1 Qd7 17. h4 Ba6 18. Qe3 h5 $2 (
18... b5 {intending ...b4 grabbing space on the queenside.}) 19. Ng5 g6 20. Qf4
Bf8 21. Bh3 Nc6 $2 {Diagram #} (21... Bh6) 22. Nxd5 $1 Bh6 23. Ne3 Nb4 24. Rxc8
Rxc8 25. d5 $1 Bxg5 (25... Nd3 26. dxe6 fxe6 27. Qe4 $1) 26. hxg5 Nd3 27. Qd4
Nxb2 28. Qxb2 Qe7 29. dxe6 fxe6 30. Qd4 Ng7 31. Qa4 Be2 32. Rd7 Qf8 33. f4 Qc5
34. Qd4 Qc1+ 35. Kf2 Bg4 36. Bxg4 hxg4 37. Qd2 Qb1 38. Rxg7+ Kh8 39. Rh7+ Kg8
40. Rc7 1-0

[Event "Mechanics' SummerTNM; 30/90, SD/30"]
[Site "San Francisco"]
[Date "2014.06.10"]
[Round "3.8"]
[White "Niemann, Hans"]
[Black "Askin, Michael"]
[Result "1-0"]
[WhiteElo "2097"]
[BlackElo "1898"]
[Annotator "Donaldson"]
[PlyCount "74"]
[EventDate "2014.??.??"]

1. e4 c6 2. d4 d5 3. Nc3 dxe4 4. Nxe4 Bf5 5. Ng3 Bg6 6. h4 h6 7. Nh3 e6 8. Nf4
Bh7 9. Bc4 Nf6 10. Qe2 Qxd4 11. Bxe6 $5 fxe6 12. Nxe6 Qg4 13. Nc7+ Kd7 14. Nxa8
Qxe2+ 15. Kxe2 Bxc2 (15... Na6 16. Rd1+ Ke6 $11) 16. Be3 b6 17. a4 Bb4 18. a5
b5 19. a6 Re8 20. Rhc1 Bb3 21. Kf1 c5 22. Bxc5 Bd2 23. Rd1 Bxd1 24. Rxd1 Kc6
25. Bxa7 Bf4 26. Ne2 Nxa6 27. Nxf4 Rxa8 28. Bd4 Ne8 29. Nh5 g5 30. Be3 g4 31.
Rd4 Nc5 32. Rxg4 Nd3 33. b4 Ra4 34. Bd2 Nd6 35. Rd4 Ra1+ 36. Ke2 Nc1+ 37. Bxc1
Rxc1 1-0

[Event "Mechanics' Winter TNM; 30/90, SD/30"]
[Site "San Francisco"]
[Date "2014.02.04"]
[Round "5.7"]
[White "Niemann, Hans"]
[Black "Bayaraa, Bekhtur"]
[Result "1-0"]
[WhiteElo "1979"]
[BlackElo "1818"]
[PlyCount "127"]
[EventDate "2014.??.??"]

1. e4 e5 2. Nf3 d6 3. d4 exd4 4. Nxd4 Nf6 5. Nc3 Be7 6. Be2 c6 7. Be3 b5 8. a3
O-O 9. f3 Nfd7 10. Nf5 Ne5 11. Nxe7+ Qxe7 12. O-O f5 13. Qd2 Nf7 14. Rad1 a5
15. Bd3 Ne5 16. Bg5 Qa7+ 17. Be3 Qe7 18. Bg5 Qf7 19. Be2 h6 20. Bf4 g5 21. Qxd6
Ng6 22. Be3 f4 23. Bd4 Qe6 24. Qxe6+ Bxe6 25. Bc5 Re8 26. Rd6 Ne5 27. Rfd1 Nbd7
28. Bf2 b4 29. Na4 Rab8 30. axb4 axb4 31. Nc5 Nxc5 32. Bxc5 b3 33. c3 Bc4 34.
Bxc4+ Nxc4 35. R6d4 Nxb2 36. Rb1 Rb5 37. Ba3 c5 38. Rd5 Nc4 39. Bxc5 Ra8 40.
Rdd1 Rxc5 41. Rxb3 Kf7 42. Rb7+ Ke6 43. Rh7 Ne3 44. Rxh6+ Ke5 45. Rdd6 Re8 46.
Rdg6 Rxc3 47. Rxg5+ Kd4 48. Rd6+ Kc4 49. Rc6+ Kb3 50. Rb5+ Kc2 51. Rxc3+ Kxc3
52. g3 Ra8 53. gxf4 Kd2 54. Kf2 Nd1+ 55. Kg3 Rg8+ 56. Rg5 Rh8 57. h4 Ke3 58. h5
Nf2 59. e5 Nd3 60. e6 Nxf4 61. Re5+ Kd4 62. Kxf4 Rf8+ 63. Rf5 Rh8 64. e7 1-0

[Event "Mechanics' Fall TNM; 30/90, SD/30"]
[Site "San Francisco"]
[Date "2014.12.09"]
[Round "7.1"]
[White "Niemann, Hans"]
[Black "Byambaa, Uyanga"]
[Result "1-0"]
[WhiteElo "2135"]
[BlackElo "2205"]
[PlyCount "95"]
[EventDate "2014.??.??"]

1. d4 Nf6 2. c4 g6 3. Nc3 Bg7 4. e4 O-O 5. Nf3 d6 6. Be2 e5 7. dxe5 dxe5 8.
Qxd8 Rxd8 9. Bg5 Re8 10. O-O-O c6 11. Nxe5 Nxe4 12. Nxe4 Bxe5 13. Nd6 Bxd6 14.
Rxd6 Nd7 15. Be3 Ne5 16. h3 Be6 17. b3 f6 18. Rhd1 a6 19. Kb2 Rac8 20. Kc3 Nf7
21. R6d2 c5 22. Bf3 Re7 23. a4 g5 24. a5 Rcc7 25. Bd5 Ne5 26. Bxe6+ Rxe6 27.
Rd5 Rec6 28. Rd8+ Kg7 29. f4 gxf4 30. Bxf4 Re6 31. Bxe5 Rxe5 32. R8d7+ Re7 33.
Rxc7 Rxc7 34. Rd5 Kg6 35. Kd3 Rc6 36. Ke4 Re6+ 37. Kf3 b6 38. axb6 Rxb6 39.
Rxc5 Rxb3+ 40. Ke4 Rb2 41. Rc8 Kg7 42. g4 Rh2 43. Rc7+ Kg6 44. c5 Rxh3 45. c6
Rc3 46. Kd5 f5 47. gxf5+ Kxf5 48. Rxh7 1-0

[Event "Mechanics' Spring TNM; 30/90, SD/30"]
[Site "San Francisco"]
[Date "2014.04.22"]
[Round "6.4"]
[White "Niemann, Hans"]
[Black "Manvelyan, Hayk"]
[Result "0-1"]
[WhiteElo "2054"]
[BlackElo "2354"]
[Annotator "Donaldson"]
[PlyCount "87"]
[EventDate "2014.??.??"]

1. e4 g6 2. d4 Bg7 3. Nc3 d6 4. Nf3 Nd7 5. Bc4 e6 6. Bg5 Ne7 7. Qd2 h6 8. Be3
a6 9. a4 d5 10. Bb3 dxe4 11. Nxe4 Nf5 12. O-O-O O-O 13. h4 Nxe3 14. Qxe3 Qe7
15. Ne5 Nxe5 16. dxe5 Bxe5 17. Qxh6 Bg7 18. Qe3 (18. Qg5 $1 {
was very strong but is not the way Hans plays chess.}) 18... b5 (18... Rd8 19.
Rxd8+ Qxd8 20. h5 gxh5 21. Rxh5 Qd4 {was possibly safer.}) 19. h5 $1 bxa4 20.
h6 ({The simple} 20. Bxa4 {left White in the driver's seat.} Qb4 21. Bb3 Bb7 {
is met by the forced sequence} 22. Nc5 Bd5 23. h6 Bf6 24. Nd7 {
winning material.}) 20... Bxb2+ 21. Kxb2 axb3 22. h7+ $6 (22. cxb3 e5 23. Qc5 {
offers White some compensation for the pawn.}) 22... Kh8 23. cxb3 Bb7 24. Nc5
Qf6+ 25. Ka2 Bc6 26. f3 a5 27. Rd4 Rfd8 28. Rf4 Qg7 29. g4 (29. Rxf7 Qxf7 30.
Nxe6 (30. Qe5+ Qg7 31. Qxg7+ Kxg7 32. Nxe6+ Kh8 33. Nxd8 Rxd8 {
with a winning endgame.}) 30... Qf6) 29... Rd5 30. Re1 Rad8 31. Re2 Rd1 32. Rb2
R8d5 33. g5 Rh1 34. Rc4 Rdd1 35. b4 Ra1+ 36. Kb3 a4+ 37. Kc2 Rh2+ 38. Kd3 Qxb2
39. Rc3 Qxc3+ 40. Kxc3 Ra3+ 41. Kd4 Rxe3 42. Kxe3 a3 43. Kd3 a2 44. Nb3 0-1

[Event "Mechanics' Spring TNM; 30/90, SD/30"]
[Site "San Francisco"]
[Date "2014.03.25"]
[Round "2.8"]
[White "Niemann, Hans"]
[Black "McCarty-Snead, Callaghan"]
[Result "1-0"]
[WhiteElo "2054"]
[BlackElo "1772"]
[PlyCount "111"]
[EventDate "2014.??.??"]

1. e4 e5 2. Nf3 Nc6 3. Bc4 Bc5 4. b4 Bxb4 5. c3 Ba5 6. Qb3 Qe7 7. Ba3 d6 8. d4
exd4 9. O-O Nh6 10. e5 O-O 11. exd6 cxd6 12. Nxd4 Nxd4 13. cxd4 Qf6 14. Nc3
Bxc3 15. Qxc3 Nf5 16. Rfe1 Bd7 17. Qb4 b6 18. Rad1 Rfe8 19. Bb2 Qg6 20. Bd5
Rac8 21. Be4 Qh6 22. Bxf5 Bxf5 23. Qb5 Rxe1+ 24. Rxe1 Be6 25. h3 d5 26. Qa6 g6
27. Qd3 Qg5 28. Re5 Qe7 29. Qe3 Qc7 30. f4 Qc6 31. a3 Qc2 32. Rxe6 fxe6 33.
Qxe6+ Kg7 34. Qe5+ Kh6 35. Qg5+ Kg7 36. Qe5+ Kh6 37. Qg5+ Kg7 38. Qxd5 Qxb2 39.
Qd7+ Kh6 40. Qxc8 Qxd4+ 41. Kh1 Qxf4 42. Qc2 Qf1+ 43. Kh2 Qf4+ 44. g3 Qe3 45.
a4 a6 46. Qb2 Qd4 47. Qxd4 b5 48. axb5 axb5 49. Qb4 Kg7 50. Qxb5 Kh6 51. h4 Kg7
52. g4 Kh6 53. Qg5+ Kg7 54. Qe7+ Kh6 55. Kg3 g5 56. Qxg5# 1-0

[Event "Mechanics' Fall TNM; 30/90, SD/30"]
[Site "San Francisco"]
[Date "2014.10.21"]
[Round "1.10"]
[White "Niemann, Hans"]
[Black "Morgan, Jerry"]
[Result "1-0"]
[WhiteElo "2135"]
[BlackElo "1561"]
[Annotator "Donaldson"]
[PlyCount "45"]
[EventDate "2014.??.??"]

1. d4 d5 2. c4 c6 3. Nf3 Nf6 4. Nc3 dxc4 5. e3 b5 6. a4 b4 7. Na2 Nd5 $6 (7...
a5) (7... e6) 8. Bxc4 a5 9. e4 Ba6 $2 10. Bxa6 Rxa6 11. exd5 cxd5 12. O-O e6
13. Bf4 Nd7 14. Qd3 Rc6 15. Rac1 Qc8 16. Rxc6 Qxc6 17. Rc1 Qxa4 18. Rc8+ Ke7
19. Nc1 g6 20. Qb3 Qb5 21. Qd3 Qa4 22. b3 Qa1 23. Qa6 1-0

[Event "Mechanics' SummerTNM; 30/90, SD/30"]
[Site "San Francisco"]
[Date "2014.06.24"]
[Round "5.5"]
[White "Niemann, Hans"]
[Black "Ochoa, Jason"]
[Result "1-0"]
[WhiteElo "2097"]
[BlackElo "1909"]
[PlyCount "60"]
[EventDate "2014.??.??"]

1. e4 c5 2. c3 g6 3. d4 cxd4 4. cxd4 Bg7 5. Nc3 Nc6 6. Nf3 d6 7. Be2 Nf6 8. h3
O-O 9. O-O Bd7 10. Be3 Ne8 11. Rc1 a6 12. d5 Ne5 13. Nd4 Rc8 14. b3 Qa5 15. Qd2
f5 16. f4 Nf7 17. exf5 gxf5 18. Nb1 Qxd2 19. Nxd2 Nf6 20. Bf3 Rxc1 21. Rxc1 Rc8
22. Rxc8+ Bxc8 23. Ne6 Bxe6 24. dxe6 Nd8 25. g4 fxg4 26. hxg4 Nc6 27. Nc4 d5
28. Ne5 Nb4 29. Bc5 Nxa2 30. Bxe7 Ne8 1-0

[Event "Mechanics' Spring TNM; 30/90, SD/30"]
[Site "San Francisco"]
[Date "2014.04.08"]
[Round "4.5"]
[White "Niemann, Hans"]
[Black "Sahin, Ozgur"]
[Result "1-0"]
[WhiteElo "2054"]
[BlackElo "1913"]
[Annotator "Donaldson"]
[PlyCount "65"]
[EventDate "2014.??.??"]

1. e4 e6 2. d4 d5 3. e5 c5 4. c3 Nc6 5. Nf3 Qb6 6. a3 Bd7 7. b4 cxd4 8. cxd4
Rc8 9. Bb2 Be7 10. Be2 Nh6 11. Nc3 Nf5 12. Na4 Qd8 13. O-O b6 14. Rc1 O-O 15.
Ba6 Rc7 16. Nc3 Nb8 17. Bd3 a6 $2 {
This same mistake occurred in Gandhi-Otterbach this same round.} 18. Bxf5 exf5
19. Nxd5 Rxc1 20. Qxc1 Bb5 21. Nxe7+ Qxe7 22. Re1 Qd7 23. Qg5 Bc4 24. e6 f6 25.
Qxf5 Qd6 26. Nd2 Bd5 27. e7 Re8 28. Ne4 Qc6 29. Nc3 Bf7 (29... Bxg2 30. d5) 30.
d5 Qd6 31. Ne4 Qd7 (31... Qxd5 32. Nxf6+) 32. Qxd7 (32. Nxf6+ {was even faster.
}) 32... Nxd7 33. Nd6 1-0

[Event "Mechanics' Winter TNM; 30/90, SD/30"]
[Site "San Francisco"]
[Date "2014.01.21"]
[Round "3.4"]
[White "Niemann, Hans"]
[Black "Uzzaman, Ashik"]
[Result "0-1"]
[WhiteElo "1979"]
[BlackElo "1882"]
[PlyCount "104"]
[EventDate "2014.??.??"]

1. e4 c5 2. c3 g6 3. d4 cxd4 4. cxd4 d5 5. exd5 Nf6 6. Nc3 Nxd5 7. Bc4 e6 8.
Qe2 Nxc3 9. bxc3 Bg7 10. Ba3 Bxd4 11. cxd4 Qa5+ 12. Qd2 Qxa3 13. Nf3 O-O 14.
O-O Rd8 15. Qh6 Qf8 16. Qh4 Nc6 17. Rad1 Bd7 18. d5 exd5 19. Bxd5 h6 20. Qg3
Kg7 21. h4 Bf5 22. h5 Qd6 23. Qh4 Qf6 24. Qg3 Rab8 25. hxg6 Bxg6 26. Nh4 Ne7
27. Bb3 Nf5 28. Nxf5+ Qxf5 29. f4 Rbc8 30. Rxd8 Rxd8 31. Bd1 b6 32. Bg4 Rd3 33.
Qh4 Qf6 34. Qh2 Qd4+ 35. Kh1 f5 36. Bh5 a5 37. Qh4 Qf6 38. Qh2 a4 39. Bxg6 Kxg6
40. g4 Qc6+ 41. Kg1 Qc5+ 42. Rf2 Rd1+ 43. Kg2 Qd5+ 44. Kh3 Rd3+ 45. Qg3 fxg4+
46. Kh2 Qh5+ 47. Kg2 Rxg3+ 48. Kf1 Qh1+ 49. Ke2 Qe4+ 50. Kd2 Rd3+ 51. Kc2 Qc4+
52. Kb2 a3+ 0-1

[Event "Mechanics' SummerTNM; 30/90, SD/30"]
[Site "San Francisco"]
[Date "2014.07.08"]
[Round "7.2"]
[White "Niemann, Hans"]
[Black "Winslow, Elliott"]
[Result "0-1"]
[WhiteElo "2097"]
[BlackElo "2235"]
[Annotator "Winslow, Elliott"]
[PlyCount "114"]
[EventDate "2014.??.??"]

1. b3 Nf6 2. Bb2 d6 3. e3 g6 4. Nf3 Bg7 5. Be2 O-O 6. O-O c5 7. c4 Nc6 8. d4
cxd4 9. Nxd4 (9. exd4 e5 {was my intention} (9... d5) (9... Ne4)) 9... a6 (9...
Bd7 {most common and best-scoring}) (9... e5 {I thought was bad after} 10. Nxc6
(10. Nb5 d5 11. Ba3) 10... bxc6 11. c5 dxc5 (11... d5 12. Bxe5 Re8 13. Bd4 $14)
12. Qxd8 Rxd8 13. Bxe5 Rd5 14. Bc3 Bf5 15. Nd2 Nd7 16. Nb1 Bxb1 17. Bxg7 Bxa2
18. Rxa2 Kxg7 19. Rfa1 Nb6 20. h4 Nc8 21. Ra6 Rd6 22. Bg4 h5 23. Bh3 f5 24. e4
Ne7 25. Rxa7 Rd1+ 26. Rxd1 Rxa7 27. exf5 gxf5 28. Rc1 Ra5 29. Rc3 Rb5 30. g3
Kf6 31. Bf1 Rb8 32. Be2 Kg6 33. Re3 Rb7 34. Re6+ Kf7 35. Bc4 Kg7 36. Kg2 Rd7
37. Be2 f4 38. Bxh5 fxg3 39. fxg3 Nf5 40. Bg4 Rd2+ 41. Kh3 Nd4 42. Re7+ Kf6 43.
Rc7 Rd3 44. h5 Rxb3 45. h6 Rb8 46. Bc8 Kg6 47. h7 Rxc8 48. Rxc8 Kxh7 49. Re8 c4
50. Re3 Kg6 51. Rc3 Kf5 52. Rxc4 Ke5 53. g4 Kd5 54. Rc1 Ne6 55. Kh4 c5 56. g5
c4 57. g6 Kd4 58. Re1 Ng7 59. Rd1+ Ke4 60. Rd7 Ne6 61. Re7 Kf5 62. g7 Nxg7 63.
Rxg7 Ke4 64. Rc7 Kd3 65. Kg3 c3 66. Kf2 Kd2 67. Rd7+ Kc1 68. Ke1 c2 69. Rc7 {
1-0 (69) Taimanov,M-Yukhtman,J Tbilisi 1959. Jacob!}) 10. Nd2 $6 (10. Nc3 e5
11. Nxc6 bxc6 12. Ba3 c5 (12... Ne8 13. Ne4)) (10. Bf3 Ne5) 10... Qc7 11. N2f3
(11. Rc1) 11... Re8 12. Nxc6 Qxc6 (12... bxc6 13. c5 d5 14. Be5 Qb7 15. Qd4 Nh5
16. g4 f6 17. gxh5 fxe5 18. Nxe5 Qc7 19. f4) 13. Rc1 b6 14. Nd4 Qc7 15. Bf3 {
White offered a draw.} Bb7 16. Bxb7 Qxb7 17. Qf3 Ne4 18. Qe2 b5 19. f3 Nc5 20.
b4 Na4 21. c5 dxc5 22. bxc5 Qd5 23. Ba1 Nxc5 24. Rfd1 Na4 25. Nc6 Qe6 26. Bxg7
Kxg7 27. Nd4 Qb6 28. Rc6 Qb7 29. Qc2 Rac8 30. Rc1 Nb6 31. Qc5 (31. Rc7 Qb8 32.
Rxc8 Rxc8 33. Nc6 Qb7) 31... Nc4 32. Rxc8 Rxc8 33. Qg5 Qd7 34. f4 f6 35. Qg3
Nd6 36. Qe1 Rc4 37. Rxc4 Nxc4 38. f5 Qd5 39. Qh4 Nxe3 40. Ne6+ Kg8 41. Qg3 Qd1+
42. Kf2 Ng4+ 43. Qxg4 Qxg4 44. Ke3 Qxf5 45. Nd4 Qe5+ 46. Kd3 Qxh2 47. Kc3 Qxg2
48. Kb4 Qxa2 49. Nb3 Qb2 50. Ka5 Qxb3 51. Kb6 b4 52. Ka5 Qc4 53. Kb6 b3 54. Kb7
b2 55. Ka7 b1=Q 56. Ka8 Qc8+ 57. Ka7 Qcb7# 0-1

[Event "Mechanics' Fall TNM; 30/90, SD/30"]
[Site "San Francisco"]
[Date "2014.11.18"]
[Round "4.20"]
[White "Nyangar, Enkhmaa"]
[Black "Askin, David"]
[Result "0-1"]
[WhiteElo "1769"]
[BlackElo "2007"]
[Annotator "Donaldson"]
[PlyCount "78"]
[EventDate "2014.??.??"]

1. e4 c6 2. d4 d5 3. Nc3 dxe4 4. Nxe4 Bf5 5. Ng3 Bg6 6. Nf3 Nd7 7. Nh4 e6 8.
Nxg6 hxg6 9. a3 Ngf6 10. Qf3 Bd6 11. Bg5 Qa5+ 12. c3 $4 Qxg5 13. Bd3 Qg4 14.
Qxg4 Nxg4 15. Ne4 Be7 16. h3 Ngf6 17. Nd2 O-O-O 18. b4 e5 19. b5 c5 20. dxc5
Nxc5 21. Bc4 Nd5 22. Nf3 f6 23. O-O Nxc3 24. Rfc1 Nd5 25. a4 Kb8 26. a5 Nf4 27.
Rab1 e4 28. Ne1 Rd2 29. b6 a6 30. Bf1 Rhd8 31. Nc2 Nfd3 32. Nb4 Nxc1 33. Rxc1
Ne6 34. Nc6+ bxc6 35. Rxc6 R8d6 36. Rc3 Rd1 37. g3 Ra1 38. Kg2 Rxa5 39. Rb3 Nd4
0-1

[Event "Mechanics' Winter TNM; 30/90, SD/30"]
[Site "San Francisco"]
[Date "2014.02.11"]
[Round "6.9"]
[White "Nyangar, Enkhmaa"]
[Black "Grey, Peter"]
[Result "1-0"]
[WhiteElo "1645"]
[BlackElo "2000"]
[Annotator "Donaldson"]
[PlyCount "49"]
[EventDate "2014.??.??"]

1. e4 e5 2. Nf3 Nc6 3. d4 exd4 4. Nxd4 Bb4+ 5. c3 Bc5 6. b4 Bxd4 (6... Bb6) (
6... Nxd4 7. bxc5 Ne6) 7. cxd4 Qe7 8. Nd2 (8. Be3) 8... Nxd4 9. Rb1 Nf6 10. Bd3
d6 (10... Nd5 $5) 11. O-O O-O 12. Bb2 Nc6 13. f4 Ng4 14. Rf3 f6 $2 (14... Nxb4
15. Bxg7 Qh4 16. h3 Nf2 17. Rxf2 Nxd3 18. Rf3 Kxg7 19. Rxd3 Qxf4) 15. Rg3 Nh6
16. Qh5 Kh8 17. b5 Nd8 {Diagram #} 18. Nf3 (18. e5 $1) 18... Qf7 (18... Ne6)
19. Qh4 Be6 20. Ng5 $5 Qe7 {Diagram #} (20... Qd7 21. Nxh7) (20... Qg8 21. Rc1)
21. Nxh7 $1 Kxh7 22. e5+ Kh8 23. exf6 Rxf6 24. Rg6 $1 Qf7 25. Bxf6 1-0